| 000 | 00905nam a2200265 a 4500 | ||
|---|---|---|---|
| 001 | 19383 | ||
| 003 | CO-ViMGA | ||
| 008 | 141112s2004 ck r 000 u spa d | ||
| 020 | _a9586650537 | ||
| 040 |
_aCO-ViMGA _bspa _cCO-ViMGA |
||
| 082 | 0 | 4 | _a986.0003 R377s |
| 100 | 1 |
_aRestrepo, Ramiro, comp. _927873 |
|
| 245 | 1 | 0 |
_aSabiduria, poder y comprensión : _bAmérica se repiensa desde sus orígenes |
| 260 |
_aBogotá : _bSiglo del hombre Editores, _cUnesco, _c2002 |
||
| 300 | _a200 p; 24 cm. | ||
| 590 | _aForma de adquisición : Premio Mincultura | ||
| 650 | 1 | 4 |
_aETNOLOGIA - SANTA MARTA _927874 |
| 650 | 1 | 4 |
_aINDIGENAS DE BOLIVIA _927875 |
| 650 | 1 | 4 | _aINDIGENAS DE COLOMBIA |
| 650 | 1 | 4 |
_aINDIGENAS DE LA SIERRA NEVADA DE SANTA MARTA _927876 |
| 650 | 1 | 4 |
_aINDIGENAS DEL ECUADOR _927877 |
| 650 | 1 | 4 |
_aINDIGENAS DEL PERU _927878 |
| 650 | 1 | 4 |
_aTULES - Política Y GOBIERNO _927879 |
| 942 |
_2ddc _cBK |
||
| 999 |
_c28534 _d28534 |
||